| 000 | 00332 a2200121 4500 | ||
|---|---|---|---|
| 005 | 20250620130403.0 | ||
| 082 | _aLM 342.02 TRI | ||
| 245 | _aConstitutions of the Communist Party-States. | ||
| 260 |
_aHong Kong, _bLeland Stanford Junior University, _c1968. |
||
| 300 |
_axiii, 541p.: _c28cm. |
||
| 700 | _aTRISKA, J. F. | ||
| 942 |
_2ddc _cBKS |
||
| 999 |
_c271 _d271 |
||